| 000 | 00634nam a2200169 a 4500 | ||
|---|---|---|---|
| 001 | 5579 | ||
| 003 | CO-ViMGA | ||
| 008 | 141112s2004 ck r 000 u spa d | ||
| 040 |
_aCO-ViMGA _bspa _cCO-ViMGA |
||
| 082 | 0 | 4 | _a427 B336 |
| 245 | 1 | 0 |
_aBeep t.v. : _bmetodo de ingles para niños |
| 260 |
_aBarcelona : _bDidaco, _c1993 |
||
| 300 | _a5 v | ||
| 500 | _aEn ingles Contenido : v.1 - 3, Textos; v.4, Guía del curso; v.5, Intrucciones para los juegos. Material acompañante : 2 video cassettes, 1 cassette, 1 tablero de juegos, 1 dado, 2 juegos, material de apoyo 10 láminas. | ||
| 650 | 1 | 4 | _aINGLES - ENSEÑANZA |
| 942 |
_2ddc _cBK |
||
| 999 |
_c17563 _d17563 |
||